000 01523nam a2200349 c 4500
999 _c112862
_d112862
003 BLK
005 20220128111234.0
008 180409b bul|||||r ||||||| ||bul||
010 _aKNG00118243000
040 _aBLK
041 _aENG
_cENG
080 _aАнглийски език
_b811.111
_x(076)
_z811.111(076)
100 1 _aЕнингер, Вернер
_eпърви автор
_967311
139 _aЕнингер, Вернер и др.
_bЕ 65
245 1 0 _aАнглийски наготово
_bНастолно помагало за бизнесмени, серетарки, кандидати за работа и следване в чужбина, учащи, науч. работници и всички с лични и служебни контакти на англ.
_cВернер Енингер; съавт. Елка Тодева.
246 1 1 _aPEP Practising English Patterns
257 _aBGR
260 _bЛетера
_c1991
300 _a288 с.
_bс ил.
_c26 см
380 _a80
500 _a30 000 тир.
650 4 _aАнглийски език - учебни помагала
_9243996
653 _aанглийски език
653 _aучебни помагала
700 1 _aТодева, Елка
_eсъавт.
_9312693
720 _aWerner Enninger, Elka Todeva
_eпаралелен автор
852 _aЦб ІІ 7612
856 4 _qpdf
856 4 _qpdf
942 _cKNG
_n0
_s1
944 _aCR
_c21.02.2007
_lф /
_kЛюдмила_Стоянова
944 _aED
_c12.10.2012
_lф /
999 _d112862